Geometry Dash Nine Circles Level Colours - Statistics

General Stats
  • This quiz has been taken 649 times
  • The average score is 8 of 10
Answer Stats
Level Creator Colour % Correct
Nine Circles Zobros Red
100%
Fairydust SuperPizzaLuigi Pink
96%
Jawbreaker ZenthicAlpha Blue
95%
Problematic Dhafin Green
95%
Sonic Wave Cyclic Blue
88%
Crimson Clutter RedUniverse Red
84%
Paracosm Circles N1X0 Pink
82%
Down Bass Exterys Valyrie Yellow
76%
Catastrophic TheOne21 Green
65%
Ultimate Circles SUOMI Rainbow
55%
No matching quizzes found
Score Distribution
Percent of People with Each Score
Percentile by Number Answered
Your Score History
You have not taken this quiz